Políticas sociales para la tercera edad

Bewaard in:
Bibliografische gegevens
Hoofdauteur: Passanante, María Inés (autora)
Formaat: Boek
Taal:Spaans
Gepubliceerd in: Buenos Aires Hvmanitas 1983
Reeks:Guidance, 23
Onderwerpen:
Tags: Voeg label toe
Geen labels, Wees de eerste die dit record labelt!

MARC

LEADER 00000nam a2200000 a 4500
001 UCQ2109
003 CL-VaPUC
008 980721e19830000AG |||||||||||||||||spa|d
082 0 4 |a 362.6  |b PAS  |2 21 
100 |a Passanante, María Inés  |e autora  |9 327875 
245 1 0 |a Políticas sociales para la tercera edad 
300 |a 175 p 
942 |c BK 
945 |d 19980721 00:00:00  |a crobeson 
260 |a Buenos Aires  |b Hvmanitas  |c 1983 
650 0 |a Política social  |9 257588 
650 0 |a Tercera edad   |9 307285 
650 7 |a GENTE NECESITADA  |2 CL-VaPUC  |9 340931 
650 7 |a POLITICA DEL BIENESTAR  |2 CL-VaPUC  |9 412866 
650 0 |a Administración del bienestar social  |9 416022 
650 0 |a Servicios de salud  |9 326442 
583 |a last modification  |c 19980721 00:00:00  |k Rodrigo Vera 
490 0 |a Guidance, 23 
999 |c 272950  |d 272948 
952 |0 0  |1 0  |4 0  |6 362_600000000000000_PAS_1983  |7 0  |8 A  |9 308180  |a BIBGIM  |b BIBGIM  |d 2019-11-20  |i 143912K  |o 362.6 PAS 1983  |p 143912K  |r 2025-01-15  |w 2019-11-20  |y BK  |k SSL